Test de rapidité : La Marseillaise (premier couplet en 30s) - Statistiques

Statistiques générales
  • Ce quiz a été pris 1 616 fois
  • Le résultat moyen est 18 sur 41
Statistiques - réponses
Texte A vous : % Correct
Allons Allons
100%
enfants enfants
96%
de de
95%
la la
95%
Patrie Patrie
94%
Le Le
93%
de de
92%
gloire gloire
92%
jour jour
92%
est est
91%
arrivé arrivé
89%
Contre Contre
86%
nous nous
85%
de de
84%
la la
83%
Tyrannie Tyrannie
78%
L' L'
76%
étendard étendard
55%
sanglant sanglant
45%
est est
42%
levé levé
39%
entendez entendez
26%
vous vous
22%
dans dans
20%
les les
15%
campagnes campagnes
11%
mugir mugir
9%
ces ces
8%
féroces féroces
5%
Ils Ils
2%
soldats soldats
2%
viennent viennent
2%
bras bras
1%
dans dans
1%
égorger égorger
1%
jusque jusque
1%
vos vos
1%
vos vos
1%
compagnes compagnes
0%
fils fils
0%
vos vos
0%
Aucun quiz correspondant
Distribution des résultats
% des personnes avec chaque résultat
Percentile par nombre de réponses
Votre historique - résultats
Vous n’avez pas pris ce quiz